| 000 | 01152cab a22002175a 4500 | ||
|---|---|---|---|
| 001 | L147396 | ||
| 008 | 090508e20090502xxk f v 000 0 eng d | ||
| 035 | _a(Sirsi) u147396 | ||
| 041 | 0 | _aeng | |
| 100 | 1 | _aDowden, Malcolm | |
| 245 | 0 | 0 | _aVery little appetite for a change in tenure |
| 260 | _c2009 | ||
| 490 | 0 |
_aEstates Gazette _v(0917) 2 May 2009, 98(1) |
|
| 520 | _aConsiders whether ownership of a commonhold unit is preferable to a lease because it is not a wasting asset. With reference to jurisdictions where commonhold regimes are well established, explains the possible lack of security where a majority vote can force a sale and terminate the commonhold. Highlights the potential risks for mortgagees and lenders. Assesses the effectiveness of commonhold community statements allowed under the Commonhold and Leasehold Reform Act 2002 s.47. | ||
| 590 | _aKA | ||
| 650 | 2 | 4 | _aCOMMONHOLD AND LEASEHOLD REFORM ACT 2002 S47 |
| 650 | 2 | 4 | _aCOMMONHOLD (LAND REGISTRATION) RULES 2004 |
| 651 | 4 |
_aEngland and Wales _y1543- |
|
| 690 | _aPROPERTY-COMMERCIAL PROPERTY-LEASEHOLD COMMERCIAL PROPERTY-COMMERCIAL LANDLORD AND TENANT | ||
| 942 | _n0 | ||
| 999 |
_c81524 _d81524 |
||